000 01305cam a2200325 a 4500
001 12583432
003 OSt
005 20160307161027.0
008 011107s2002 cou b 001 0 eng
010 _a 2001048938
020 _a1588260771 (alk. paper)
040 _aDLC
_cDLC
_dDLC
043 _afw-----
050 0 0 _aDT476.5
_b.A34 2002
082 0 0 _a355.4966
_221
_bADE 2002
100 1 _aAdebajo, Adekeye,
_d1966-
_97148
245 1 0 _aBuilding peace in West Africa :
_bLiberia, Sierra Leone, and Guinea-Bissau /
_cAdekeye Adebajo.
260 _aBoulder, Colo. :
_bLynne Rienner Publishers,
_c2002.
300 _a192 p. ;
_c23 cm.
440 0 _aInternational Peace Academy occasional paper series
_97149
504 _aIncludes bibliographical references (p. 169-177) and index.
650 0 _aConflict management
_zAfrica, West.
_97150
650 0 _aNational security
_zAfrica, West.
_97151
650 0 _aPolitical stability
_zAfrica, West.
_97152
650 0 _aPeace-building
_zAfrica, West.
_97153
651 0 _aAfrica, West
_xPolitics and government
_y1960-
_97154
906 _a7
_bcbc
_corignew
_d1
_eocip
_f20
_gy-gencatlg
942 _2ddc
_cSLOAN
999 _c3194
_d3194